000 00646nam a2200217Ia 4500
003 IIN
005 20240205132819.0
008 231217s9999 xx 000 0 und d
020 _cRs.250.00
_a9788192029603
040 _aIIN
_bEnglish
082 _a610.73
_bZWE
100 1 _aZwemer, Ann
245 1 _aProfessional Adjustments & Ethics For Nurses in India /
_cAnn Zwemer & Vivian Churness
250 _a7th revised ed
260 _bEcumenical Book Service
_aChennai
_c2014
300 _axviii, 334p.
650 1 _aManagement
_vNursing
650 1 _aAdministration
_vNursing
650 1 _aProfessional Adjustments
_vNursing
942 _cBOOK
999 _c1612
_d1612